[Event "BAN-chT SAIF POWERTEC 2020"]
[Site "Dhaka"]
[Date "2021.03.21"]
[Round "3.5"]
[White "Erigaisi Arjun"]
[Black "Abu Sufian, Shakil"]
[Result "1-0"]
[WhiteElo "2559"]
[BlackElo "2244"]
[Annotator "RC"]
[PlyCount "113"]
[EventDate "2021.03.19"]
[EventType "team-tourn"]
[EventCountry "BAN"]
[SourceTitle "playchess.com"]
[Source "ChessBase"]
[SourceQuality "1"]
[WhiteTeam "India"]
[BlackTeam "Bangladesh"]
[WhiteTeamCountry "IND"]
[BlackTeamCountry "BAN"]
[TimeControl "5400+30"]

1. Nf3 {[%emt 0:00:00]} d5 {[%emt 0:00:00]} 2. c4 {[%emt 0:00:16]} c6 {[%emt 0:00:00]} 3. e3 {[%emt 0:00:09]} Nf6 {[%emt 0:00:24]} 4. Nc3 {[%emt 0:00:06]} a6 {[%emt 0:02:59]} 5. d4 {[%emt 0:00:09]} b5 {[%emt 0:00:41]} 6. b3 {[%emt 0:07:18]} Bg4 {[%emt 0:01:32]} 7. Be2 {[%emt 0:06:35]} e6 {[%emt 0:00:16]} 8. O-O {[%emt 0:00:24]} Nbd7 {[%emt 0:02:16]} 9. h3 {[%emt 0:01:09]} Bh5 {[%emt 0:00:22]} 10. a4 {[%emt 0:01:08]} b4 {[%emt 0:07:08]} 11. Nb1 {[%emt 0:00:49]} Bd6 {[%emt 0:01:07]} 12. Nbd2 {[%emt 0:01:19]} O-O {[%emt 0:03:40]} 13. Bb2 {[%emt 0:00:14]} Ne4 {[%emt 0:06:03]} 14. Rc1 {[%emt 0:11:17]} Qb8 {[%emt 0:13:53]} 15. cxd5 {[%emt 0:09:41]} cxd5 {[%emt 0:00:06]} 16. Nxe4 {[%emt 0:00:20]} dxe4 {[%emt 0:00:10]} 17. Nd2 {[%emt 0:00:11]} Bxe2 {[%emt 0:00:51]} 18. Qxe2 {[%emt 0:00:06]} Qb7 {[%emt 0:01:02]} 19. Nc4 {[%emt 0:01:34]} Bc7 {[%emt 0:02:06]} 20. Rc2 {[%emt 0:18:56]} Nf6 {[%emt 0:05:19]} 21. Rfc1 {[%emt 0:02:07]} Nd5 {[%emt 0:10:23]} 22. Ne5 {[%emt 0:01:30]} Bxe5 {[%emt 0:00:37]} 23. dxe5 {[%emt 0:00:07]} Rfc8 {[%emt 0:01:02]} 24. Rc4 {[%emt 0:02:37]} a5 {[%emt 0:07:31]} 25. Bd4 {[%emt 0:04:46]} Ne7 {[%emt 0:03:18]} 26. Rxc8+ {[%emt 0:07:07]} Rxc8 {[%emt 0:00:36]} 27. Rxc8+ {[%emt 0:00:07]} Qxc8 {[%emt 0:00:05]} 28. Qb5 {[%emt 0:00:09]} h6 {[%emt 0:04:11]} 29. Qxa5 {[%emt 0:01:10]} Qc1+ {[%emt 0:00:23]} 30. Kh2 {[%emt 0:00:07]} Nd5 {[%emt 0:00:28]} 31. Qa8+ {[%emt 0:04:12]} Kh7 {[%emt 0:00:01]} 32. a5 {[%emt 0:00:21]} Nc3 {[%emt 0:17:12]} 33. Bxc3 {[%emt 0:00:34]} bxc3 {[%emt 0:00:02]} 34. Qxe4+ {[%emt 0:00:08]} g6 {[%emt 0:00:01]} 35. a6 {[%emt 0:00:36]} Qa1 {[%emt 0:00:10]} 36. Qc4 {[%emt 0:01:56]} Kg7 {[%emt 0:02:12]} 37. a7 {[%emt 0:00:22]} Qxa7 {[%emt 0:00:53]} 38. Qxc3 {[%emt 0:00:06]} Qa2 {[%emt 0:00:07]} 39. b4 {[%emt 0:09:35]} Qxf2 {[%emt 0:02:07]} 40. b5 {[%emt 0:00:32]} g5 {[%emt 0:01:53]} 41. Qd4 {[%emt 0:01:16]} h5 {[%emt 0:00:16]} 42. b6 {[%emt 0:01:07]} h4 {[%emt 0:00:40]} 43. Qb4 {[%emt 0:02:38]} Qxe3 {[%emt 0:01:55]} 44. b7 {[%emt 0:00:08]} Qxe5+ {[%emt 0:00:32]} 45. Kg1 {[%emt 0:00:11]} Qe3+ {[%emt 0:01:32]} 46. Kf1 {[%emt 0:01:31]} Qd3+ {[%emt 0:02:53]} 47. Ke1 {[%emt 0:00:07]} Qe3+ {[%emt 0:00:46]} 48. Kd1 {[%emt 0:00:07]} Qd3+ {[%emt 0:00:30]} 49. Kc1 {[%emt 0:00:37]} Qf1+ {[%emt 0:00:36]} 50. Kb2 {[%emt 0:00:12]} Qxg2+ {[%emt 0:00:05]} 51. Kb3 {[%emt 0:00:15]} Qd5+ {[%emt 0:00:16]} 52. Ka4 {[%emt 0:01:01]} Qa2+ {[%emt 0:01:41]} 53. Kb5 {[%emt 0:00:08]} Qd5+ {[%emt 0:00:15]} 54. Kb6 {[%emt 0:01:40]} Qd8+ {[%emt 0:00:44]} 55. Kc6 {[%emt 0:00:09]} Qb8 {[%emt 0:00:50]} 56. Qd6 {[%emt 0:00:19]} Qe8+ {[%emt 0:00:05]} 57. Kc7 {[%emt 0:00:09]} 1-0

[Event "BAN-chT SAIF POWERTEC 2020"]
[Site "Dhaka"]
[Date "2021.03.21"]
[Round "3.6"]
[White "Mohammad Minhaz Uddin"]
[Black "Dhulipalla Bala Chandra Prasad"]
[Result "1/2-1/2"]
[WhiteElo "2295"]
[BlackElo "2441"]
[Annotator "TA"]
[PlyCount "68"]
[EventDate "2021.03.19"]
[EventType "team-tourn"]
[EventCountry "BAN"]
[SourceTitle "playchess.com"]
[Source "ChessBase"]
[SourceQuality "1"]
[WhiteTeam "Bangladesh"]
[BlackTeam "India"]
[WhiteTeamCountry "BAN"]
[BlackTeamCountry "IND"]

{[%evp 13,68,29,29,29,33,27,32,22,28,29,26,25,31,22,24,22,28,35,35,23,34,0,0,0,0,0,-3,-27,-26,-26,-26,-27,-23,-30,-30,-30,-30,-30,-30,-30,-25,-25,-29,-29,-25,-32,-21,-36,0,0,0,0,0,0,0,0,0]} 1. e4 e5 2. Nf3 Nc6 3. Bc4 Nf6 4. d3 Be7 5. O-O O-O 6. Re1 d6 7. a4 Na5 8. Ba2 {C55: Two Knights: 4 d3, 4 d4 exd4 5 e5 and Max Lange Attack.} c5 9. c3 Nc6 10. Nbd2 {White is slightly better.} a6 11. Nf1 Be6 {[#]} 12. Bg5 $146 ({Predecessor:} 12. Bxe6 fxe6 13. Ng3 Qd7 14. Bd2 Bd8 15. h3 h6 16. Qe2 Bc7 17. Be3 Qf7 18. Rab1 {½-½ (36) Asadli,V (2449)-Padmini,R (2325) Moscow 2018}) 12... h6 13. Bxf6 Bxf6 14. Ne3 Kh7 15. Nd5 g6 16. Qb3 Bxd5 17. exd5 Na5 {[%cal Bc6a5,Ba5b7,Bb7c5][%mdl 32]} 18. Qa3 {Black should prevent b4.} b5 19. b4 Nb7 20. Rab1 cxb4 21. cxb4 a5 22. Bb3 bxa4 23. Qxa4 axb4 24. Qxb4 Nc5 25. Bc4 Bg7 26. Nd2 f5 27. Nb3 Nxb3 28. Qxb3 Qf6 29. Qd1 Rab8 30. Qf3 e4 31. dxe4 {The position is equal.} Rxb1 32. Rxb1 fxe4 33. Qxf6 Bxf6 34. Re1 Bd4 {Weighted Error Value: White=0.05/Black=0.04} 1/2-1/2

[Event "BAN-chT SAIF POWERTEC 2020"]
[Site "Dhaka"]
[Date "2021.03.21"]
[Round "3.7"]
[White "Uddin, Saif"]
[Black "Ahmed, Sheikh Nasir"]
[Result "0-1"]
[WhiteElo "1855"]
[BlackElo "2193"]
[Annotator "ChessBase"]
[PlyCount "96"]
[EventDate "2021.03.19"]
[EventType "team-tourn"]
[EventCountry "BAN"]
[SourceTitle "playchess.com"]
[Source "ChessBase"]
[SourceQuality "1"]
[WhiteTeam "Bangladesh"]
[BlackTeam "Bangladesh"]
[WhiteTeamCountry "BAN"]
[BlackTeamCountry "BAN"]
[TimeControl "5400+30"]

1. Nf3 {[%emt 0:00:00]} Nf6 {[%emt 0:00:00]} 2. b4 {[%emt 0:00:00]} e6 {[%emt 0:01:29]} 3. a3 {[%emt 0:00:00]} b6 {[%emt 0:00:05]} 4. e3 {[%emt 0:00:37]} Bb7 {[%emt 0:00:11]} 5. d4 {[%emt 0:00:23]} Be7 {[%emt 0:05:15]} 6. Be2 {[%emt 0:01:12]} O-O {[%emt 0:00:11]} 7. c4 {[%emt 0:00:15]} c5 {[%emt 0:01:29]} 8. bxc5 {[%emt 0:03:54]} bxc5 {[%emt 0:00:11]} 9. O-O {[%emt 0:00:09]} cxd4 {[%emt 0:01:33]} 10. exd4 {[%emt 0:00:19]} d6 {[%emt 0:04:08]} 11. Nc3 {[%emt 0:01:58]} Nbd7 {[%emt 0:03:37]} 12. Rb1 {[%emt 0:00:57]} Qc8 {[%emt 0:06:23]} 13. Bf4 {[%emt 0:05:54]} Nb6 {[%emt 0:13:31]} 14. Nd2 {[%emt 0:03:04]} Nfd7 {[%emt 0:08:08]} 15. Be3 {[%emt 0:08:03]} e5 {[%emt 0:01:30]} 16. a4 {[%emt 0:02:57]} d5 {[%emt 0:10:56]} 17. Qb3 {[%emt 0:15:19]} dxc4 {[%emt 0:23:06]} 18. Nxc4 {[%emt 0:01:37]} Nxc4 {[%emt 0:00:12]} 19. Bxc4 {[%emt 0:00:25]} Rb8 {[%emt 0:01:06]} 20. Qa2 {[%emt 0:06:55]} Nb6 {[%emt 0:01:08]} 21. Nd5 {[%emt 0:06:19]} Bxd5 {[%emt 0:00:54]} 22. Bxd5 {[%emt 0:00:26]} Qd7 {[%emt 0:00:22]} 23. Bb3 {[%emt 0:00:31]} exd4 {[%emt 0:00:40]} 24. Rfd1 {[%emt 0:00:56]} Bf6 {[%emt 0:00:37]} 25. Rd2 {[%emt 0:03:43]} Rbd8 {[%emt 0:03:54]} 26. Rbd1 {[%emt 0:01:40]} Qg4 {[%emt 0:00:54]} 27. f3 {[%emt 0:01:42]} Qh4 {[%emt 0:00:07]} 28. Bf2 {[%emt 0:00:45]} Qf4 {[%emt 0:00:03]} 29. a5 {[%emt 0:02:34]} Nc8 {[%emt 0:00:27]} 30. Qa4 {[%emt 0:00:45]} Ne7 {[%emt 0:01:51]} 31. Bxd4 {[%emt 0:06:38]} Bxd4+ {[%emt 0:02:04]} 32. Rxd4 {[%emt 0:00:24]} Qe3+ {[%emt 0:00:02]} 33. Kf1 {[%emt 0:01:11]} Rxd4 {[%emt 0:00:14]} 34. Rxd4 {[%emt 0:00:19]} Nf5 {[%emt 0:00:33]} 35. Re4 {[%emt 0:02:52]} Qd2 {[%emt 0:02:00]} 36. Re2 {[%emt 0:02:13]} Qc3 {[%emt 0:02:06]} 37. Qa2 {[%emt 0:06:32]} g6 {[%emt 0:01:35]} 38. a6 {[%emt 0:03:48]} Nd4 {[%emt 0:01:05]} 39. Rb2 {[%emt 0:00:09]} Kg7 {[%emt 0:00:36]} 40. Bd5 {[%emt 0:01:40]} Re8 {[%emt 0:02:21]} 41. Qb1 {[%emt 0:02:01]} Nf5 {[%emt 0:01:01]} 42. Be4 {[%emt 0:01:10]} Ne3+ {[%emt 0:00:02]} 43. Ke2 {[%emt 0:00:54]} Nc4 {[%emt 0:00:37]} 44. Rc2 {[%emt 0:04:42]} Qe3+ {[%emt 0:00:11]} 45. Kf1 {[%emt 0:00:06]} Nd2+ {[%emt 0:00:46]} 46. Rxd2 {[%emt 0:00:03]} Qxd2 {[%emt 0:00:04]} 47. Qa1+ {[%emt 0:00:44]} Kg8 {[%emt 0:00:29]} 48. h4 {[%emt 0:04:35]} Rc8 {[%emt 0:00:17]} 0-1

[Event "BAN-chT SAIF POWERTEC 2020"]
[Site "Dhaka"]
[Date "2021.03.21"]
[Round "3.8"]
[White "Subrota, Biswas"]
[Black "Masum, Hossain"]
[Result "1-0"]
[WhiteElo "2262"]
[BlackElo "2054"]
[Annotator "ChessBase"]
[PlyCount "63"]
[EventDate "2021.03.19"]
[EventType "team-tourn"]
[EventCountry "BAN"]
[SourceTitle "playchess.com"]
[Source "ChessBase"]
[SourceQuality "1"]
[WhiteTeam "Bangladesh"]
[BlackTeam "Bangladesh"]
[WhiteTeamCountry "BAN"]
[BlackTeamCountry "BAN"]
[TimeControl "5400+30"]

1. e4 {[%emt 0:04:08]} c5 {[%emt 0:00:00]} 2. Nf3 {[%emt 0:00:03]} d6 {[%emt 0:00:08]} 3. d4 {[%emt 0:00:07]} cxd4 {[%emt 0:00:02]} 4. Nxd4 {[%emt 0:00:04]} Nf6 {[%emt 0:00:10]} 5. Nc3 {[%emt 0:00:02]} g6 {[%emt 0:00:12]} 6. g3 {[%emt 0:04:33]} Bg7 {[%emt 0:00:03]} 7. Bg2 {[%emt 0:00:02]} O-O {[%emt 0:00:13]} 8. O-O {[%emt 0:00:19]} Nc6 {[%emt 0:00:19]} 9. Nde2 {[%emt 0:04:10]} Bd7 {[%emt 0:04:37]} 10. h3 {[%emt 0:00:19]} Rc8 {[%emt 0:00:05]} 11. b3 {[%emt 0:01:04]} Nb4 {[%emt 0:05:32]} 12. a3 {[%emt 0:14:12]} Na6 {[%emt 0:08:49]} 13. Be3 {[%emt 0:11:01]} b6 {[%emt 0:02:14]} 14. Qd2 {[%emt 0:02:28]} Bc6 {[%emt 0:09:30]} 15. b4 {[%emt 0:09:52]} Nc7 {[%emt 0:02:11]} 16. e5 {[%emt 0:00:29]} Bxg2 {[%emt 0:01:40]} 17. exf6 {[%emt 0:01:45]} Bxh3 {[%emt 0:00:50]} 18. fxg7 {[%emt 0:00:08]} Re8 {[%emt 0:00:09]} 19. Rfd1 {[%emt 0:06:51]} Bg4 {[%emt 0:00:47]} 20. Kg2 {[%emt 0:00:11]} Qd7 {[%emt 0:00:16]} 21. f3 {[%emt 0:00:16]} Qc6 {[%emt 0:01:11]} 22. Nd4 {[%emt 0:00:08]} Qb7 {[%emt 0:00:22]} 23. Kf2 {[%emt 0:03:42]} Bd7 {[%emt 0:10:28]} 24. Rh1 {[%emt 0:01:35]} d5 {[%emt 0:30:42]} 25. Bf4 {[%emt 0:02:48]} f6 {[%emt 0:17:58]} 26. Bxc7 {[%emt 0:03:26]} Rxc7 {[%emt 0:00:02]} 27. Nde2 {[%emt 0:05:15]} e6 {[%emt 0:02:49]} 28. Qf4 {[%emt 0:00:30]} Kf7 {[%emt 0:00:38]} 29. g8=Q+ {[%emt 0:03:51]} Rxg8 {[%emt 0:01:05]} 30. Rxh7+ {[%emt 0:00:04]} Rg7 {[%emt 0:00:21]} 31. Qh6 {[%emt 0:00:18]} Rxh7 {[%emt 0:01:26]} 32. Qxh7+ {[%emt 0:00:03]} 1-0

[Event "BAN-chT SAIF POWERTEC 2020"]
[Site "Dhaka"]
[Date "2021.03.21"]
[Round "3.9"]
[White "Gukesh D"]
[Black "Chowdhury, Sohel"]
[Result "1-0"]
[WhiteElo "2563"]
[BlackElo "2149"]
[Annotator "TA"]
[PlyCount "51"]
[EventDate "2021.03.19"]
[EventType "team-tourn"]
[EventCountry "BAN"]
[SourceTitle "playchess.com"]
[Source "ChessBase"]
[SourceQuality "1"]
[WhiteTeam "India"]
[BlackTeam "Bangladesh"]
[WhiteTeamCountry "IND"]
[BlackTeamCountry "BAN"]

{[%evp 9,51,0,17,12,40,37,38,33,39,34,45,45,46,46,47,37,46,46,49,50,63,61,69,66,58,60,103,110,136,135,625,632,29990,29991,29991,29992,29992,29993,29994,29995,29996,29997,29997,298]} 1. d4 d5 2. Nf3 Nf6 3. Bf4 e6 4. e3 Bd6 5. Nbd2 c5 6. dxc5 {D02: 1 d4 d5 2 Nf3 sidelines, including 2...Nf6 3 g3 and 2...Nf6 3 Bf4.} Bxf4 (6... Bxc5 {is interesting.} 7. Be2 b6 8. O-O O-O 9. c4 Bb7) 7. exf4 Qa5 8. c3 {White is slightly better.} Qxc5 9. Bd3 Nc6 10. Qe2 O-O 11. O-O Qb6 12. Nb3 {[#]} a6 $146 ({Predecessor:} 12... Qc7 13. a3 b6 14. Rfe1 Bb7 15. Rad1 h6 16. Nbd4 Rfe8 17. Nxc6 Bxc6 18. Nd4 Bd7 {½-½ (26) Falchetta,G (2205)-Maran,W Montecatini Terme 1996}) 13. Rfe1 Qc7 14. Ne5 b5 15. Qe3 Bb7 16. a4 bxa4 17. Rxa4 Nb8 18. Nc5 Bc8 19. b4 Nfd7 $2 {[%mdl 8192] [#] A mistake that costs the game.} (19... Nbd7 $16 20. Qd4 Nxe5 21. Qxe5 (21. fxe5 Nd7 $16) 21... Qxe5 22. fxe5 Nd7) 20. Nxe6 $1 $18 {[%mdl 512]} fxe6 {[#]} (20... Qa7 21. Bxh7+) 21. Bxh7+ $1 {[%mdl 512] White mates.} Kxh7 22. Qh3+ {[%mdl 64] Double Attack} Kg8 23. Qxe6+ {[%mdl 64] Double Attack} Kh7 {[#]} 24. Re3 $1 {[%cal Re3h3]} Rf6 25. Rh3+ Rh6 26. Rxh6+ {Weighted Error Value: White=0.01/Black=0.80} 1-0

[Event "BAN-chT SAIF POWERTEC 2020"]
[Site "Dhaka"]
[Date "2021.03.21"]
[Round "3.11"]
[White "Hossain, Enamul"]
[Black "Narayanan.S.L"]
[Result "0-1"]
[WhiteElo "2426"]
[BlackElo "2618"]
[Annotator "TA"]
[PlyCount "78"]
[EventDate "2021.03.19"]
[EventType "team-tourn"]
[EventCountry "BAN"]
[SourceTitle "playchess.com"]
[Source "ChessBase"]
[SourceQuality "1"]
[WhiteTeam "Bangladesh"]
[BlackTeam "India"]
[WhiteTeamCountry "BAN"]
[BlackTeamCountry "IND"]

{[%evp 12,78,14,16,29,8,9,20,23,16,8,16,10,0,4,0,0,-10,0,0,12,12,20,27,28,9,12,6,32,-9,-16,-35,-46,-75,-75,-75,-75,-75,-75,-82,-75,-75,-75,-82,0,-78,-70,-71,-72,-67,-52,-4821,-84,-4126,-4813,-4844,-4837,-4833,-4829,-29960,-29954,-29946,-29944,-29989,-29987,-29978,-6070,-4829,-465]} 1. d4 d5 2. c4 e6 3. Nf3 Nf6 4. g3 Bb4+ 5. Bd2 a5 6. Qc2 O-O {is cutting edge theory.} 7. Bg2 c5 {E11: Bogo-Indian.} 8. Bxb4 axb4 9. cxd5 cxd4 {The position is equal.} 10. Nxd4 Qb6 11. e3 exd5 {[#]} 12. O-O $146 ({Predecessor:} 12. Nd2 Nc6 13. N2b3 Bg4 14. Nxc6 bxc6 15. O-O Rfc8 16. Qc5 Nd7 17. Qxb6 Nxb6 18. Nc5 {1-0 (62) Blagojevic,D (2497)-Fridman,D (2633) Skopje 2018}) 12... Nc6 13. Nxc6 bxc6 14. Nd2 {[%cal Bb1d2,Bd2b3,Bb3c5][%mdl 32]} Bd7 15. Nb3 Rfb8 16. Rfc1 h5 17. Nc5 Be8 18. a4 bxa3 $1 19. bxa3 Ra5 20. Bh3 Qa7 21. a4 Rb4 {And now ...Rc4 would win.} 22. Bf1 {[#]} Rc4 $1 {[%cal Rc4c2]} 23. Bxc4 Rxc5 {[%mdl 64] Pin} 24. Qb3 {Hoping for Be2.} dxc4 25. Rxc4 Rxc4 26. Qxc4 {[#]} Qa5 $1 27. Rb1 Qa7 ({Black should try} 27... Bd7 $17) 28. Rc1 (28. Ra1 $1 $11 {remains equal.}) 28... c5 29. Qxc5 Qxa4 30. Qc8 h4 31. Rc4 $2 {[%mdl 8192]} (31. Qc4 $15) 31... Qd1+ $19 32. Kg2 h3+ $1 {[%mdl 64] Deflection, Decoy} 33. Kxh3 Qf1+ {[%mdl 64] Double Attack} 34. Kh4 Qxf2 {[%mdl 64] Double Attack} 35. Rc2 Qxe3 {[%cal Re3h6]} 36. Kh3 Qf3 37. Rd2 Kh7 38. Qc2+ g6 (38... Ne4 $142 39. Qd3 Qxd3 {[%mdl 64] Overworked Piece} 40. Rxd3 Nf2+ {[%mdl 64] Double Attack} 41. Kh4 Nxd3 42. Kg5 Bd7 43. g4 Ne5 44. Kh4 Nxg4 45. Kg3 f5 46. h3 Ne5 47. Kf4 Ng6+ 48. Kf3 f4 49. Ke2 Bxh3 50. Ke1 f3 51. Kf2 Bg2 52. Kg1 Ne5 53. Kf2 Kh6 54. Ke3 Ng4+ 55. Kd4 f2 56. Kc4 f1=Q+ 57. Kc3 Ne5 58. Kb2 Qc4 59. Ka3 Bd5 60. Kb2 Nd3+ 61. Kb1 Qc1#) 39. Qd1 {[#]} Bd7+ $1 {[%mdl 512] Weighted Error Value: White=0.56/Black=0.20} 0-1

[Event "BAN-chT SAIF POWERTEC 2020"]
[Site "Dhaka"]
[Date "2021.03.21"]
[Round "3.12"]
[White "Chatterjee, Debaraj"]
[Black "Rahman, Taibur"]
[Result "1/2-1/2"]
[WhiteElo "2223"]
[BlackElo "2215"]
[Annotator "ChessBase"]
[PlyCount "82"]
[EventDate "2021.03.19"]
[EventType "team-tourn"]
[EventCountry "BAN"]
[SourceTitle "playchess.com"]
[Source "ChessBase"]
[SourceQuality "1"]
[WhiteTeam "Bangladesh"]
[BlackTeam "Bangladesh"]
[WhiteTeamCountry "BAN"]
[BlackTeamCountry "BAN"]
[TimeControl "5400+30"]

1. d4 {[%emt 1:30:30]} d5 {[%emt 1:30:30]} 2. c4 {[%emt 0:00:30]} e6 {[%emt 0:00:30]} 3. Nf3 {[%emt 0:00:30]} Nf6 {[%emt 0:00:30]} 4. g3 {[%emt 0:00:30]} dxc4 {[%emt 0:00:30]} 5. Bg2 {[%emt 0:00:30]} c5 {[%emt 0:00:30]} 6. O-O {[%emt 0:00:30]} Nc6 {[%emt 0:00:30]} 7. dxc5 {[%emt 0:00:30]} Qxd1 {[%emt 0:00:30]} 8. Rxd1 {[%emt 0:00:30]} Bxc5 {[%emt 0:00:30]} 9. Nbd2 {[%emt 0:00:30]} c3 {[%emt 0:00:30]} 10. bxc3 {[%emt 0:00:30]} Bd7 {[%emt 0:00:30]} 11. Nb3 {[%emt 0:00:30]} Be7 {[%emt 0:00:30]} 12. Nfd4 {[%emt 0:00:30]} O-O {[%emt 0:00:30]} 13. Nxc6 {[%emt 0:00:30]} Bxc6 {[%emt 0:00:30]} 14. Bxc6 {[%emt 0:00:30]} bxc6 {[%emt 0:00:30]} 15. c4 {[%emt 0:00:30]} Rfd8 {[%emt 0:00:30]} 16. Be3 {[%emt 0:00:30]} Ne4 {[%emt 0:00:30]} 17. Rac1 {[%emt 0:00:30]} Ba3 {[%emt 0:00:30]} 18. Rxd8+ {[%emt 0:00:30]} Rxd8 {[%emt 0:00:30]} 19. Rc2 {[%emt 0:00:30]} a6 {[%emt 0:00:30]} 20. f3 {[%emt 0:00:30]} Rd1+ {[%emt 0:00:30]} 21. Kg2 {[%emt 0:00:30]} Nd6 {[%emt 0:00:30]} 22. Na5 {[%emt 0:00:30]} c5 {[%emt 0:00:30]} 23. Nb3 {[%emt 0:00:30]} Nb7 {[%emt 0:00:30]} 24. Bc1 {[%emt 0:00:30]} Bxc1 {[%emt 0:00:30]} 25. Nxc1 {[%emt 0:00:30]} Kf8 {[%emt 0:00:30]} 26. Nd3 {[%emt 0:00:30]} Rb1 {[%emt 0:00:30]} 27. h4 {[%emt 0:00:30]} Ke7 {[%emt 0:00:30]} 28. g4 {[%emt 0:00:30]} f6 {[%emt 0:00:30]} 29. Rc3 {[%emt 0:00:30]} Kd6 {[%emt 0:00:30]} 30. Ra3 {[%emt 0:00:30]} a5 {[%emt 0:00:30]} 31. Rb3 {[%emt 0:00:30]} Rxb3 {[%emt 0:00:30]} 32. axb3 {[%emt 0:00:30]} Nd8 {[%emt 0:00:30]} 33. e3 {[%emt 0:00:30]} Nc6 {[%emt 0:00:30]} 34. Kf2 {[%emt 0:00:30]} Ne5 {[%emt 0:00:30]} 35. Nxe5 {[%emt 0:00:30]} Kxe5 {[%emt 0:00:30]} 36. Ke2 {[%emt 0:00:30]} f5 {[%emt 0:00:30]} 37. gxf5 {[%emt 0:00:30]} exf5 {[%emt 0:00:30]} 38. Kf2 {[%emt 0:00:30]} g6 {[%emt 0:00:30]} 39. Kg2 {[%emt 0:00:30]} h6 {[%emt 0:00:30]} 40. Kf2 {[%emt 0:00:30]} g5 {[%emt 0:00:30]} 41. h5 {[%emt 0:00:30]} Ke6 {[%emt 0:00:30]} 1/2-1/2

[Event "BAN-chT SAIF POWERTEC 2020"]
[Site "Dhaka"]
[Date "2021.03.22"]
[Round "4.1"]
[White "Mohammad Minhaz Uddin"]
[Black "Gukesh D"]
[Result "0-1"]
[WhiteElo "2295"]
[BlackElo "2563"]
[Annotator "TA"]
[PlyCount "78"]
[EventDate "2021.03.19"]
[EventType "team-tourn"]
[EventCountry "BAN"]
[SourceTitle "playchess.com"]
[Source "ChessBase"]
[SourceQuality "1"]
[WhiteTeamCountry "BAN"]
[BlackTeamCountry "IND"]

{[%evp 15,78,21,31,28,59,31,47,16,34,33,29,17,63,8,8,15,16,0,13,0,0,-5,-14,-33,8,-59,0,-9,-9,-9,-7,-22,-22,-30,-31,-25,-31,-31,-30,-30,-27,-40,-8,-163,-172,-244,-245,-239,-245,-241,-245,-317,-310,-327,-346,-356,-339,-307,-306,-359,-354,-335,-348,-968,-941]} 1. e4 c6 2. d4 d5 3. Nd2 dxe4 4. Nxe4 Nf6 5. Nxf6+ exf6 6. c3 Bd6 7. Bd3 O-O 8. Ne2 Re8 9. Qc2 {B15: Caro-Kann: 3 Nc3: 3...g6 and 3...dxe4 4 Nxe4 Nf6 5 Nxf6+ exf6.} h5 10. Be3 Nd7 11. O-O {White is slightly better.} h4 12. h3 Nf8 13. Rae1 {[#]} Bb8 $146 ({Predecessor:} 13... Qa5 14. b3 Bd7 15. Bc1 Re7 16. f4 Rae8 17. Bd2 Qh5 18. f5 Rxe2 19. Bxe2 Rxe2 20. Qd1 Bxf5 21. Qxe2 Qg6 22. Qf3 Bd3 23. Rf2 Ne6 24. Be3 f5 25. Bd2 {½-½ (25) Bogner,S (2571)-Sadhwani,R (2545) chess.com INT 2020}) 14. Qc1 (14. Nc1 $14) 14... Ng6 15. f4 f5 16. Bd2 Be6 17. Qc2 Qd7 18. Nc1 Bc7 19. Be2 c5 20. Nb3 (20. dxc5 $11 Bd5 21. Nb3) 20... Qa4 ({Black should play} 20... Bxb3 $15 21. Qxb3 a6) 21. Bd3 cxd4 22. Nxd4 Qxc2 23. Nxc2 (23. Bxc2 {seems wilder.} Bb6 24. Be3 Bxa2 25. Bxf5 Bc4 26. Rf3) 23... Rad8 24. Nd4 Bb6 25. Be3 Bxa2 26. Bxf5 Bc4 27. Rf2 Ne7 $36 {[%mdl 2048] ...Bxd4 is the strong threat. Black is more active.} 28. Be4 $1 Bd5 29. Bc2 {White does not recover from this.} (29. Nc2 $11) 29... Nc6 $19 30. Rfe2 (30. Ba4 {was called for.}) 30... Bc4 $1 {[%csl LRd4,LRe2]} 31. Nxc6 Bxe2 ({Worse is} 31... bxc6 32. Bxb6 Rxe2 33. Rxe2 $11) 32. Bxb6 Rd2 33. Nd4 axb6 34. b4 {[#]} Bb5 $1 {[%mdl 512]} 35. Rxe8+ Bxe8 36. Be4 Kf8 37. Bxb7 Rd3 38. Ne2 Bb5 39. Bf3 $2 {[#]} (39. Nd4 Bc4 40. Kf2) 39... Rxf3 $1 {[%mdl 576] Discovered Attack, Remove Defender.  Weighted Error Value: White=0.47/Black=0.07} 0-1